El arte de clasificar a los chilenos: enfoques sobre los modelos de estratificación en Chile

Saved in:
Bibliografiske detaljer
Main Authors: Joignant Rondón, Alfredo (Author), Güell Villanueva, Pedro (Author)
Format: Bog
Sprog:spansk
Udgivet: Santiago Universidad Diego Portales 2009
Fag:
Tags: Tilføj Tag
Ingen Tags, Vær først til at tagge denne postø!

MARC

LEADER 00000cam a2200000 a 4500
001 UCF5895
003 CL-VaPUC
008 130328e20090000CL |||||||||||||||||spa|d
020 |a 9789563140705 
082 0 4 |a 305.5  |b JOI  |2 21 
100 |a Joignant Rondón, Alfredo  |e author  |9 558263 
700 |a Güell Villanueva, Pedro  |e author  |9 443504 
245 1 3 |a El arte de clasificar a los chilenos: enfoques sobre los modelos de estratificación en Chile 
300 |a 153 p 
942 |c BK 
945 |d 20130328 00:00:00  |a dcastane 
260 |a Santiago  |b Universidad Diego Portales  |c 2009 
650 0 |a Clases sociales  |9 256858 
650 0 |a Estratificación social  |9 337692 
650 7 |a ESTRUCTURA SOCIAL  |2 CL-VaPUC  |9 567887 
583 |a last modification  |c 20130328 10:53:00  |k Rodrigo Vera 
999 |c 351288  |d 351286 
952 |0 0  |1 0  |4 0  |6 305_500000000000000_JOI_2009  |7 0  |8 A  |9 455308  |a BIBCUR  |b BIBCUR  |d 2019-11-22  |i 4958462  |o 305.5 JOI 2009  |p 4958462  |r 2025-04-22  |w 2019-11-22  |y BK  |k PER